000 00664nam a2200241 i 4500
001 C2-0224096
003 PPAK
005 20180728152735.0
008 000322s1979 enka|||| ||||| | eng d
020 _a853154953
040 _aPPAK
_beng
_cPPAK
_erda
082 0 4 _a809.3
_223
090 0 0 _a809.3
_bFOX
_dKSA
100 1 _aFox, Ralph,
_eauthor
245 1 4 _aThe novel and the people
264 1 _aLondon :
_bLawrence and Wishart ,
_c1979
300 _a174 pages :
_billustrations ;
_c21 cm
336 _2rdacontent
_atext
337 _2rdamedia
_aunmediated
338 _2rdacarrier
_avolume
650 1 0 _aFiction - History and criticism
942 _ddc
_cB
999 _c145092
_d145092